| 000 | 00618nam a2200181 a 4500 | ||
|---|---|---|---|
| 001 | 000044819 | ||
| 005 | 20201002045643.0 | ||
| 008 | 130904s2014 dr ac 001 0 spa d | ||
| 020 | _a9789945876536 | ||
| 040 |
_aDO-SdBNP _bspa _cBNPHU |
||
| 082 |
_a641.597293 _bH542g, 2014 |
||
| 245 | 0 | 0 |
_aHerencia gastronómica dominicana : _bgeneraciones El reality / _cprólogo José G. Guerrero. |
| 260 |
_aSanto Domingo : _bPasteurizadora Rica, _c2014. |
||
| 300 |
_a239 p. : _bil., retr. ; _c32 cm. |
||
| 650 | 4 |
_aCocina dominicana _9192 |
|
| 650 | 4 |
_aPreparación de alimentos _9193 |
|
| 700 | 1 |
_aG. Guerrero, José _epról. _972842 |
|
| 999 |
_c44308 _d44308 |
||